La mujer en las Américas : cómo cerrar la brecha entre los géneros /
Shranjeno v:
| Korporativna značnica: | |
|---|---|
| Drugi avtorji: | , |
| Format: | Procedimiento de la conferencia Knjiga |
| Jezik: | španščina |
| Izdano: |
Washington, EUA :
Banco Interamericano de Desarrollo,
1996, c1996
|
| Teme: | |
| Oznake: |
Brez oznak, prvi označite!
|
MARC
| LEADER | 00000nam^a2200000^a^4500 | ||
|---|---|---|---|
| 001 | 000146495 | ||
| 005 | 20250521000000.0 | ||
| 009 | 20260310095911.854 | ||
| 020 | |a 1-886938-10-5 | ||
| 037 | |a Acervo ITESO - Biblioteca | ||
| 041 | |a ESP | ||
| 082 | |a 305. 420980 |b FOR 1994 | ||
| 111 | |a Foro Regional sobre la Mujer en el Desarrollo ( |n 1º : |d 1994 : |c Guadalajara, México) | ||
| 245 | 1 | 3 | |a La mujer en las Américas : |b cómo cerrar la brecha entre los géneros / |c Foro Regional sobre la Mujer en el Desarrollo ; pref. de E.V. Iglesias, N. Birdsall. |
| 264 | 4 | |a Washington, EUA : |b Banco Interamericano de Desarrollo, |c 1996, c1996 | |
| 300 | |a 250 p. | ||
| 336 | |a texto |b txt |2 rdacontenido | ||
| 337 | |a sin mediación |b n |2 rdamedio | ||
| 338 | |a volumen |b nc |2 rdasoporte | ||
| 649 | |a XX | ||
| 650 | |a Mujeres - |z Latinoamérica | ||
| 650 | |a Discriminación de Género - |z Latinoamérica | ||
| 650 | |a Roles de Género - |z Latinoamérica | ||
| 650 | |a Desarrollo Sustentable - |z Latinoamérica | ||
| 650 | |a Política de Género - |z Latinoamérica | ||
| 650 | |a Política Social - |z Latinoamérica | ||
| 650 | |a Género - |z Latinoamérica | ||
| 650 | |a Feminismo - |z Latinoamérica | ||
| 650 | |a Sociología | ||
| 700 | |a Iglesias, Enrique V. |e (prefacio) | ||
| 700 | |a Birdsall, Nancy |e (prefacio) | ||
| 910 | |a Fondo General | ||
| 920 | |a Impresos - Libros | ||
| 930 | |a Colección General | ||
| 905 | |a 101 | ||
| 901 | |a 0500075852 |b IT1 |c ACC |u 20250521 | ||
| 902 | |a https://opac.biblio.iteso.mx/vufind/Record/000146495 | ||